Calciatori Liga Squadra della stagione dell'Europa League - Statistics

Statistiche generali
  • Questo quiz è stato fatto 4 volte
  • Il punteggio medio è 16 su 41
Statistiche sulle risposte
Numero apparizioni Edizioni apparizioni Nazione Squadra Calciatore % Corretto
1 2019-2020 Argentina Siviglia Lucas Ocampos
100%
2 2019-2020; 2022-2023 Marocco Siviglia Yassine Bounou
100%
1 2017-2018 Francia Atletico Madrid Antoine Griezmann
75%
1 2015-2016 Spagna Athletic Bilbao Aritz Aduriz
75%
1 2017-2018 Uruguay Atletico Madrid Diego Godín
75%
1 2020-2021 Francia Villarreal Étienne Capoue
75%
1 2017-2018 Spagna Atletico Madrid Gabi
75%
2 2013-2014; 2022-2023 Croazia Siviglia Ivan Rakitić
75%
1 2017-2018 Slovenia Atletico Madrid Jan Oblak
75%
1 2017-2018 Spagna Atletico Madrid Koke
75%
1 2020-2021 Spagna Villarreal Pau Torres
75%
1 2014-2015 Colombia Siviglia Carlos Bacca
50%
1 2015-2016 Repubblica Democratica del Congo Villarreal Cédric Bakambu
50%
1 2020-2021 Spagna Villarreal Gerard Moreno
50%
1 2020-2021 Argentina Villarreal Gerónimo Rulli
50%
2 2019-2020; 2022-2023 Spagna Siviglia Jesús Navas
50%
1 2022-2023 Argentina Siviglia Marcos Acuña
50%
1 2017-2018 Spagna Atletico Madrid Saúl
50%
1 2015-2016 Francia Siviglia Steven N'Zonzi
50%
1 2013-2014 Portogallo Siviglia Beto
25%
1 2020-2021 Spagna Villarreal Daniel Parejo
25%
1 2015-2016 Spagna Siviglia David Soria
25%
3 2014-2015; 2015-2016; 2019-2020 Argentina Siviglia Éver Banega
25%
2 2014-2015; 2015-2016 Polonia Siviglia Grzegorz Krychowiak
25%
1 2019-2020 Francia Siviglia Jules Koundé
25%
1 2015-2016 Francia Siviglia Kevin Gameiro
25%
1 2019-2020 Paesi Bassu Siviglia Luuk de Jong
25%
1 2015-2016 Brasile Siviglia Mariano
25%
1 2013-2014 Argentina Siviglia Nicolás Pareja
25%
1 2020-2021 Spagna Villarreal Raúl Albiol
25%
2 2013-2014; 2014-2015 Camerun Siviglia Stéphane M'Bia
25%
1 2015-2016 Francia Siviglia Adil Rami
0%
1 2014-2015 Spagna Siviglia Aleix Vidal
0%
1 2020-2021 Spagna Villarreal Alfonso Pedraza
0%
1 2016-2017 Argentina Celta Vigo Gustavo Cabral
0%
1 2019-2020 Spagna Siviglia Munir
0%
1 2016-2017 Cile Celta Vigo Pablo Hernández
0%
1 2016-2017 Spagna Celta Vigo Sergio Álvarez
0%
1 2019-2020 Spagna Siviglia Sergio Reguilón
0%
1 2014-2015 Spagna Siviglia Sergio Rico
0%
1 2014-2015 Francia Siviglia Timothée Kolodziejczak
0%
Nessun quiz corrispondente trovato
Distribuzione punteggi
Percentuale di utenti per punteggio
Percentile per numero di risposta
I tuoi punteggi nel tempo
Non hai fatto questo quiz